| 000 | 00410nam a22001577a 4500 | ||
|---|---|---|---|
| 003 | OSt | ||
| 005 | 20211126145413.0 | ||
| 008 | 211126b |||||||| |||| 00| 0 eng d | ||
| 040 | _cHAWASSA UNIVERSITY | ||
| 050 |
_a963/BUX _b1 |
||
| 082 |
_a963/BUX _b1 |
||
| 100 |
_aBUXTON DAVID _qBUXTON DAVID _920805 |
||
| 245 | _aTRAVELS IN ETHIOPIA | ||
| 260 |
_aLONDON _bERNEST BENN LIMETED _c1957 |
||
| 942 |
_2ddc _cBOOKS _n0 |
||
| 999 |
_c20407 _d20407 |
||